000 00888nab a2200253 u 4500
001 11869
003 HDC
007 cr bn ---aaaaa
008 210208c mydr|nes 0 a may d
040 _aHDC
100 _aFitria Rahmadianti,
_eauthor
_910486
245 0 _aPembangunan Rumah Potong Hewan Halal di Kota Buffalo Tunggu Izin Dewan Kota /
_cby Fitria Rahmadianti
260 _a[no place] :
_b[publisher not identified],
_c[no year]
336 _atext
_2rdacontent
337 _acomputer
_2rdamedia
338 _aonline resource
_2rdacarrier
650 _aHalal certificate
_9482
650 _aSlaughterhouse
_96608
710 _aDetik.com
856 _zRequest full-text at [email protected]
942 _2lcc
942 _cNEWS
942 _kNWSO 002659
999 _c9192
_d9192